| 000 | 02526cam a2200385 i 4500 | ||
|---|---|---|---|
| 001 | BK0020738349 | ||
| 003 | DLC | ||
| 005 | 20180816133311.0 | ||
| 008 | 170630s2018 nyu 000 1 eng d | ||
| 010 | _a2017027806 | ||
| 020 |
_a9780399586682 : PAP _c15.00 |
||
| 020 |
_a0399586687 : PAP _c15.00 |
||
| 037 |
_bPenguin Group USA, Attn: Order Processing 405 Murray Hill Pkwy, East Rutherford, NJ, USA, 07073-2136 _nSAN 201-3975 |
||
| 040 |
_aDLC _beng _cDLC _erda _dDLC |
||
| 050 | 0 | 0 |
_aPS3603.L455445 _bN49 2018 |
| 082 | 0 | 0 |
_a813/.6 _223 |
| 092 | _a813.6000 | ||
| 100 | 1 |
_aCleeton, Chanel, _eauthor. |
|
| 245 | 1 | 0 |
_aNext year in Havana / _cChanel Cleeton. |
| 250 | _aFirst Edition. | ||
| 264 | 1 |
_aNew York : _bBerkley, _c2018. |
|
| 300 |
_ax, 382 pages ; _c21 cm |
||
| 336 | _atext | ||
| 337 | _aunmediated | ||
| 338 | _avolume | ||
| 500 | _aPaperback edition includes reader's guide and an excerpt from author's future novel. | ||
| 520 |
_a"After the death of her beloved grandmother, a Cuban-American woman travels to Havana, where she discovers the roots of her identity--and unearths a family secret hidden since the revolution... Havana, 1958. The daughter of a sugar baron, nineteen-year-old Elisa Perez is part of Cuba's high society, where she is largely sheltered from the country's growing political unrest--until she embarks on a clandestine affair with a passionate revolutionary... Miami, 2017. Freelance writer Marisol Ferrera grew up hearing romantic stories of Cuba from her late grandmother Elisa, who was forced to flee with her family during the revolution. Elisa's last wish was for Marisol to scatter her ashes in the country of her birth. Arriving in Havana, Marisol comes face-to-face with the contrast of Cuba's tropical, timeless beauty and its perilous political climate. When more family history comes to light and Marisol finds herself attracted to a man with secrets of his own, she'll need the lessons of her grandmother's past tohelp her understand the true meaning of courage--and what it means to be Cuban"-- _cProvided by publisher. |
||
| 650 | 0 |
_aCuban American women _vFiction. |
|
| 650 | 0 |
_aFamily secrets _vFiction. |
|
| 650 | 7 |
_aFICTION / Contemporary Women. _2bisacsh |
|
| 650 | 7 |
_aFICTION / Cultural Heritage. _2bisacsh |
|
| 655 | 7 |
_aLove stories. _2gsafd |
|
| 776 | 0 | 8 | _iOnline version: |
| 776 | 0 | 8 |
_aCleeton, Chanel, author. _tNext year in Havana _bFirst edition. _dNew York : Berkley, 2018 _z9780399586699 _w(DLC) 2017032141 |
| 999 |
_c235679 _d235679 |
||